Analýza regionálnej distribúcie mladých NEET na Slovensku

Neaktivita a nezamestnanosť mladých ľudí je výrazným problémom rozvoja, ktorý má tiež aj svoju priestorovú dimenziu. Táto skupina zároveň nie je homogénna a vyžaduje rozdielne prístupy ksvojej aktivizácii. Cieľom tohto príspevku je preskúmanie priestorové rozloženie vybraných skupín mladých ľudí na...

Ausführliche Beschreibung

Gespeichert in:
Bibliographische Detailangaben
1. Verfasser: Šipikal, Miroslav, 1976-
Weitere Verfasser: Némethová, Valéria, 1987-
Format: Buchkapitel
Sprache:Slowakisch
Schlagworte:
Tags: Tag hinzufügen
Keine Tags, Fügen Sie das erste Tag hinzu!

MARC

LEADER 00000naa$a2200000$$$4500
001 0295165
005 20250128111814.6
041 0 |a slo 
044 |a CZ 
245 1 0 |a Analýza regionálnej distribúcie mladých NEET na Slovensku  |c Miroslav Šipikal, Valéria Némethová 
520 |a Neaktivita a nezamestnanosť mladých ľudí je výrazným problémom rozvoja, ktorý má tiež aj svoju priestorovú dimenziu. Táto skupina zároveň nie je homogénna a vyžaduje rozdielne prístupy ksvojej aktivizácii. Cieľom tohto príspevku je preskúmanie priestorové rozloženie vybraných skupín mladých ľudí na základe údajov zo sčítania obyvateľstva v roku 2021 na Slovensku. Zároveň pomocou korelačnej analýzy identifikovať faktory, ktoré by mohli mať vplyv na priestorový výskyt tejto skupiny. Najväčší počet neaktívnych mladých ľudí sa nachádza na východnom Slovensku, pričom miera neaktivity koreluje najmä spodielom rómskej populácie. Výsledky tiež ukazujú, že evidovaní nezamestnaní kopírujú mieru nezamestnanosti okresov negatívne výšku priemernej mzdy, ale ostatné jednotlivé skupiny mladých ľudí majú rozdielne priestorové rozloženie. 
610 2 0 |a analýza korelačná 
610 2 0 |a zamestnanosť 
610 2 0 |a nezamestnanosť 
610 2 0 |a mladiství 
610 2 0 |a okresy 
610 2 0 |a mzdy 
610 2 0 |a Slovensko 
100 1 |a Šipikal, Miroslav, 1976- 
700 1 |a Némethová, Valéria, 1987-